| 000 | 00942ngm a22003370a 4500 | ||
|---|---|---|---|
| 001 | PT9589 | ||
| 003 | AR-LpoUNG | ||
| 005 | 20210201232248.0 | ||
| 007 | co ||u|||uuuuu | ||
| 008 | 191001s2001||||ag |||||||||||||||||spa d | ||
| 020 | _a950201328X | ||
| 040 |
_aAR-LpoUNG _bspa _cAR-LpoUNG _eaacr |
||
| 041 | _aspa | ||
| 044 | _aag | ||
| 082 | 0 | _a348.023 184codi | |
| 100 | 1 |
_aDanielián, Miguel _esup. |
|
| 245 | 1 | 0 |
_aCódigo procesal civil y comercial de la Nación : _blegislación complementaria |
| 250 | _a26§ ed. | ||
| 260 |
_aBuenos Aires : _bAbeledo-Perrot, _c2 de marzo de 2001. |
||
| 650 | 4 | _aASPECTOS JURIDICOS | |
| 650 | 4 | _aCODIGOS | |
| 650 | 4 | _aDERECHO | |
| 650 | 4 | _aDERECHO CIVIL | |
| 650 | 4 | _aDERECHO MERCANTIL | |
| 650 | 4 | _aJURISPRUDENCIA | |
| 650 | 4 | _aREGLAMENTOS | |
| 700 | 1 |
_aRamos Fijóo, Claudio _esup. |
|
| 710 | 2 | _aArgentina. [Código procesal civil y comercial] | |
| 905 | _a9589 | ||
| 942 | _cCDDVD | ||
| 999 |
_c53165 _d53165 |
||